La Limitacin̤ al Derecho de Inspeccin̤ en la Sociedad Ann̤ima Cerrada

Detalles Bibliográficos
Autor principal: Gordillo Gonzalez, Juan Gabriel
Formato: eBook
Lenguaje:español
Publicado: Bogot:̀ Editorial Acadm̌ica Espaǫla, 2019
Materias:
Acceso en línea:Acceso restringido

MARC

LEADER 00000nam a22000007a 4500
005 2019100907387.0
007 cr|||| ||||
008 191009s2019 co |||||s|||| 00||0 spa d
020 |a 9786139436774 
035 |a 29619 
040 |a vLex 
090 |c 9747  |d 9747 
100 1 |a Gordillo Gonzalez, Juan Gabriel 
245 1 2 |a La Limitacin̤ al Derecho de Inspeccin̤ en la Sociedad Ann̤ima Cerrada  |h [Recurso electrn̤ico] /  |c Juan Gabriel Gordillo Gonzalez 
256 |a Servicio en ln̕ea 
260 |a Bogot:̀  |b Editorial Acadm̌ica Espaǫla,  |c 2019 
300 |a 1 recurso electrn̤ico 
500 |a En el derecho societario, el derecho de inspeccin̤ es entendido como la facultad que tienen los socios de examinar los libros y papeles de la sociedad, con el fin de enterarse de la situacin̤ administrativa, financiera, contable y jurd̕ica de la sociedad, el cual es un tema de gran connotacin̤ para los accionistas minoritarios, dada la alta concentracin̤ de capitales que afrontan las sociedades colombianas. Esta concentracin̤ de capitales ha llevado a que, en el presente trabajo, se analice el problema de agencia desde una p̤tica diferente a la utilizada Berle y Means en 1932, que en su momento fue la relacin̤ entre los socios y los administradores, para ser ahora, la ivergencia de los intereses de los socios mayoritarios y minoritarios. 
506 1 |a Disponible solo en los productos indicados  |d vLex Global  |d vLex Global (Academic Edition, excluding Law Schools)  |d vLex Global (U.S. Academic Edition, Law Schools)  |d vLex Global (U.S. Academic Edition, excluding Law Schools)  |d vLex Global (Academic Edition, Law Schools) 
650 0 4 |a Derecho Mercantil y de la Empresa  |z Colombia 
740 0 |a vLex Libros (Servicio en ln̕ea) 
856 4 0 |u http://vlex.com/source/29619  |z Acceso restringido 
942 |c BOOK 
999 0 |a Commercial and Business Law